
Library Catalogue

| 000 -LEADER | |
|---|---|
| fixed length control field | 01226nam a22001937a 4500 |
| 003 - CONTROL NUMBER IDENTIFIER | |
| control field | OSt |
| 005 - DATE AND TIME OF LATEST TRANSACTION | |
| control field | 20200909225233.0 |
| 008 - FIXED-LENGTH DATA ELEMENTS--GENERAL INFORMATION | |
| fixed length control field | 190725b2019 ||||| |||| 00| 0 eng |
| 020 ## - INTERNATIONAL STANDARD BOOK NUMBER | |
| International Standard Book Number | 9789388206761 |
| 040 ## - CATALOGING SOURCE | |
| Transcribing agency | nls |
| 082 ## - DEWEY DECIMAL CLASSIFICATION NUMBER | |
| Classification number | 343.0558 KUM |
| 100 ## - MAIN ENTRY--PERSONAL NAME | |
| Personal name | Kumar Milind |
| 245 ## - TITLE STATEMENT | |
| Title | Goods and services tax : |
| Statement of responsibility, etc. | Law and practice |
| 260 ## - PUBLICATION, DISTRIBUTION, ETC. | |
| Place of publication, distribution, etc. | Lucknow |
| Name of publisher, distributor, etc. | Eastern Book Co. |
| Date of publication, distribution, etc. | 2019 |
| 300 ## - PHYSICAL DESCRIPTION | |
| Extent | HB |
| 505 ## - FORMATTED CONTENTS NOTE | |
| Formatted contents note | Table Of Contents:<br/>1. Road to GST <br/><br/>2. Indirect Taxation — Pre-GST <br/><br/>3. Constitution (101st Amendment) Act, 2016 <br/><br/>4. Goods and Services Tax Council (GST Council) <br/><br/>5. GST Around the World <br/><br/>6. Understanding GST <br/><br/>7. GST Rate Slabs and Compensation Cess Rates <br/><br/>8. Goods and Services Tax Network (GSTN) <br/><br/>9. Directorate General of Goods and Service Tax Intelligence (DGGSTI) <br/><br/>10. GST Suvidha Providers (GSPs)/GST Seva Kendra<br/><br/>11. Central Goods and Services Tax Act, 2017 <br/><br/>12. E-way Rules <br/><br/>13. Integrated Goods and Services Tax Act, 2017 <br/><br/>14. Union Territory Goods and Services Tax Act, 2017 <br/><br/>15. Goods and Services Tax (Compensation to States) Act, 2017 <br/><br/>Subject Index |
| 600 ## - SUBJECT ADDED ENTRY--PERSONAL NAME | |
| Personal name | Goods - Service Tax - Practice & Procedure |
| -- | Service Tax Law - Practice |
| 942 ## - ADDED ENTRY ELEMENTS (KOHA) | |
| Source of classification or shelving scheme | Dewey Decimal Classification |
| Koha item type | BOOKs |
| Withdrawn status | Lost status | Source of classification or shelving scheme | Materials specified (bound volume or other part) | Damaged status | Not for loan | Home library | Current library | Shelving location | Date acquired | Source of acquisition | Cost, normal purchase price | Total Checkouts | Total Renewals | Full call number | Barcode | Date last seen | Date last checked out | Price effective from | Koha item type |
|---|---|---|---|---|---|---|---|---|---|---|---|---|---|---|---|---|---|---|---|
| Dewey Decimal Classification | HB | NLS | NLS | 25/07/2019 | Purchased | 995.00 | 4 | 1 | 343.0558 KUM | 37386 | 03/03/2025 | 08/01/2025 | 25/07/2019 | BOOKs |